Quizzes
Events
Quiz Creation
Community
Videos
Private Events
Remove Ads
Sign In
Join for FREE
Feedback
Dark Mode
Quiz Categories
Sports
Geography
Music
Movies
Television
Just For Fun
Miscellaneous
History
Literature
Language
Science
Gaming
Entertainment
Religion
Holiday
For Kids
Quiz Lab
Recent
Popular Today
Quiz Kudos Today
Editor Picks
Curator Picks
Quizzes by...
Day
Popularity
Type
Ratings
Length
Year
Community
Subscriptions
Recent Discussions
Orange Saloon
Badges
Playlists
Quests
Create
Leaderboards
Showdown
Live 5
Trivia Bingo
Activity
Puzzle Library
Sporcle Events
Private Events
Virtual Trivia
Globe League
Become a Host
Pub Owners
SporcleCon
Opinionation
Our Games
Videos
Blog
Mobile Apps
Partnerships
Remove Ads and Go Orange
Feedback
Gaming
Video Games
Board Games
Card Games
Pokémon
Mario
Nintendo
Minecraft
Console
Toys
Legend of Zelda
Gaming
Video Games
Board Games
Card Games
Pokémon
Mario
Nintendo
Minecraft
Console
Toys
Legend of Zelda
Random Quiz
Search Sporcle
×
Quiz Lab
Quiz Lab
Gaming
Football
Type in answers that appear in a list
Type in answers that appear in a list
Classic
Best Score? Go Orange.
Madden95 offensive starters Stats
Can you name the Madden95 starting offensive skill players?
By
geowiz85
13m
140 Questions
64 Plays
64 Plays
64 Plays
Comments
Comments
Give Quiz Kudos
Give Quiz Kudos
-
- Ratings
hide this ad
Replay
Link that replays current quiz
Next Quiz
Link to next quiz in quiz playlist
You Got
0%
They Got
Avg Score
34%
Avg Friend Score
Upgrade to see
Score Distribution
Jump to the score distribution portion of the page
Score
0/140
Timer
13:00
0
Plays Today
team
Player
% Correct
Dallas Cowboys
Emmitt Smith
95.3%
Dallas Cowboys
Troy Aikman
93.8%
New Orleans Saints
Irv Smith
93.8%
Green Bay Packers
Brett Favre
92.2%
San Francisco 49ers
Steve Young
87.5%
San Diego Chargers
Duane Young
85.9%
Dallas Cowboys
Michael Irvin
84.4%
San Francisco 49ers
Jerry Rice
84.4%
Buffalo Bills
Jim Kelly
84.4%
Minnesota Vikings
Warren Moon
82.8%
Denver Broncos
John Elway
82.8%
Philadelphia Eagles
Randall Cunningham
79.7%
Miami Dolphins
Dan Marino
79.7%
Buffalo Bills
RB 34
78.1%
New England Patriots
Drew Bledsoe
76.6%
Detroit Lions
Barry Sanders
75%
Minnesota Vikings
Cris Carter
68.8%
New York Jets
Johnny Johnson
68.8%
Pittsburgh Steelers
Charles Johnson
68.8%
Detroit Lions
Anthony Carter
67.2%
Houston Oilers
Pat Carter
67.2%
Kansas City Chiefs
Joe Montana
67.2%
Kansas City Chiefs
Willie Davis
67.2%
Cleveland Browns
Vinnie Testaverde
65.6%
Indianapolis Colts
Marshall Faulk
64.1%
Green Bay Packers
Sterling Sharpe
62.5%
Denver Broncos
Shannon Sharpe
62.5%
Minnesota Vikings
Jake Reed
60.9%
Buffalo Bills
Andre Reed
60.9%
New York Jets
Boomer Esiason
60.9%
New York Giants
Dave Brown
59.4%
San Francisco 49ers
Ricky Watters
59.4%
Los Angeles Raiders
Tim Brown
59.4%
Los Angeles Rams
Flipper Anderson
57.8%
New Orleans Saints
Derek Brown
57.8%
Houston Oilers
Gary Brown
57.8%
Indianapolis Colts
Jim Harbaugh
57.8%
Los Angeles Rams
Jerome Bettis
56.3%
San Francisco 49ers
Brent Jones
56.3%
Pittsburgh Steelers
Neil O'Donnell
56.3%
New York Jets
Rob Moore
54.7%
Atlanta Falcons
Jeff George
53.1%
Cleveland Browns
Michael Jackson
53.1%
Miami Dolphins
TE 88
53.1%
Dallas Cowboys
Jay Novacek
51.6%
Philadelphia Eagles
Calvin Williams
51.6%
Los Angeles Raiders
Jeff Hostetler
51.6%
team
Player
% Correct
Minnesota Vikings
Terry Allen
50%
Kansas City Chiefs
Marcus Allen
50%
Detroit Lions
Scott Mitchell
48.4%
San Francisco 49ers
John Taylor
48.4%
Seattle Seahawks
Kelvin Martin
48.4%
Cincinnati Bengals
Harold Green
46.9%
New York Jets
Pete Mitchell
46.9%
Pittsburgh Steelers
TE 86
46.9%
Green Bay Packers
Robert Brooks
45.3%
Washington Redskins
Reggie Brooks
43.8%
Dallas Cowboys
Alvin Harper
42.2%
San Diego Chargers
Stan Humphries
42.2%
New Orleans Saints
Jim Everett
40.6%
New York Jets
WR 81
39.1%
Los Angeles Rams
Chris Miller
37.5%
Miami Dolphins
Irving Fryar
37.5%
San Diego Chargers
Natrone Means
37.5%
Denver Broncos
Anthony Miller
35.9%
Chicago Bears
Erik Kramer
31.3%
Washington Redskins
Heath Shuler
31.3%
Tampa Bay Buccaneers
QB 12
29.7%
Cincinnati Bengals
Dave Klingler
29.7%
Pittsburgh Steelers
Barry Foster
29.7%
Atlanta Falcons
Andre Rison
28.1%
Seattle Seahawks
Rick Mirer
28.1%
Arizona Cardinals
Garrison Hearst
26.6%
Atlanta Falcons
Leonard Harris
26.6%
Tampa Bay Buccaneers
Jackie Harris
26.6%
Cincinnati Bengals
Carl Pickens
26.6%
New England Patriots
Ben Coates
26.6%
Arizona Cardinals
Randal Hill
20.3%
Green Bay Packers
Ed West
20.3%
New York Giants
Rodney Hampton
20.3%
Philadelphia Eagles
Herschel Walker
20.3%
Philadelphia Eagles
Mark Bavaro
20.3%
Washington Redskins
WR 80
20.3%
Buffalo Bills
Don Beebe
20.3%
Seattle Seahawks
Terrence Warren
18.8%
Washington Redskins
Henry Ellard
17.2%
Chicago Bears
Jeff Graham
15.6%
Detroit Lions
Brett Perriman
15.6%
Cleveland Browns
Eric Metcalf
14.1%
Arizona Cardinals
Steve Beuerlein
12.5%
Arizona Cardinals
Derek Ware
12.5%
Chicago Bears
Curtis Conway
12.5%
Philadelphia Eagles
Fred Barnett
10.9%
Buffalo Bills
Pat Metzelaars
10.9%
team
Player
% Correct
San Diego Chargers
Shawn Jefferson
10.9%
Arizona Cardinals
Ricky Proehl
9.4%
Atlanta Falcons
Erric Pegram
9.4%
Green Bay Packers
Reggie Cobb
9.4%
Cincinnati Bengals
Tony McGee
9.4%
Cleveland Browns
Mark Carrier
9.4%
Houston Oilers
Webster Slaughter
7.8%
Houston Oilers
Ernest Givins
7.8%
Indianapolis Colts
Sean Dawkins
7.8%
Miami Dolphins
Mark Ingram
7.8%
Seattle Seahawks
Brian Blades
7.8%
Chicago Bears
Marv Cook
6.3%
Detroit Lions
Ron Hall
6.3%
New Orleans Saints
Quinn Early
6.3%
Houston Oilers
Cody Carlson
6.3%
Indianapolis Colts
Floyd Turner
6.3%
Kansas City Chiefs
Keith Cash
6.3%
New England Patriots
Maurice Butts
6.3%
New England Patriots
Vincent Brisby
6.3%
Tampa Bay Buccaneers
Vince Workman
4.7%
Indianapolis Colts
Kerry Cash
4.7%
Los Angeles Raiders
Alexander Wright
4.7%
Miami Dolphins
Terry Kirby
4.7%
Pittsburgh Steelers
Dwight Stone
4.7%
Atlanta Falcons
Brent Emmanuel
3.1%
Chicago Bears
Lewis Tillman
3.1%
Los Angeles Rams
Jessie Hester
3.1%
Los Angeles Rams
Troy Drayton
3.1%
Minnesota Vikings
Adrian Cooper
3.1%
New Orleans Saints
Michael Haynes
3.1%
New York Giants
Arthur Marshall
3.1%
New York Giants
Howard Cross
3.1%
Tampa Bay Buccaneers
WR 85
3.1%
Cleveland Browns
Brian Kinchen
3.1%
Denver Broncos
Derek Russell
3.1%
Denver Broncos
Mike Pritchard
3.1%
Kansas City Chiefs
J.J. Birden
3.1%
New York Giants
Mike Sherrard
1.6%
Tampa Bay Buccaneers
Lawrence Dawsey
1.6%
Washington Redskins
Ethan Horton
1.6%
Cincinnati Bengals
Jeff Query
1.6%
Los Angeles Raiders
Tyrone Montgomery
1.6%
Los Angeles Raiders
Andrew Glover
1.6%
New England Patriots
Michael Timpson
1.6%
San Diego Chargers
Mark Seay
1.6%
Seattle Seahawks
Ferrell Edmunds
1.6%
Quiz Playlist
Details
Report
Send in Message
Add To Playlist
Classic:
Type in answers that appear in a list
Last Updated: Feb 16, 2017
Quiz Scoreboard
CHALLENGE
Sign Up to Join the Scoreboard
Show All
Scores
Hide
Comments
May contain spoilers
Recently Published
An Introduction to Baseball
by treessimontrees
Sports
5m
Movies - When Are They Set?
by FPL_Elf
Movies
5m
Popular People in 1961
by mucciniale
History
6m
More to Explore
Quiz From the Vault
Featured Blog Post
Where Did the Easter Bunny Come From?
hide this ad
You Might Also Like...
Tags
Football Quiz
madden
Offensive
Player
skill
Starter
Starting
team
Today's Top Quizzes in Gaming
Browse Gaming
hide this ad
Today's Top Quizzes in Football
Browse Football
Top Contributed Quizzes in Gaming
1
Destiny 2 exotic weapons by perk icons
2
5-to-1: Consoles
3
Ultimate Genshin Impact Logic Puzzle (up to 4.3)
4
7-to-1: Board Game Piece Blitz
5
5-to-1: Legend of Zelda
6
Franchise by Action Figure
7
Who's on the WWE 2K24 Cover?
8
Windmill: Pokémon
9
Genshin Impact Logic Puzzle Quiz
10
Legendary or Exotic?
Explore More
Trending Topics
Kpop
NBA
Marvel
Crossword
Disney
Anime
Harry Potter
Puzzle
WWE
The Office
Soccer
NFL
Country
Pokémon
Song
hide this ad
More By:
geowiz85
Quiz
Plays
Rating
Category
Featured
Created
Actors by Most AFI Top 100 Films
123,892
4.57
Movies
Nov 24, 2010
Biggest North American Cities on Rivers
101,462
3.83
Geography
Jun 9, 2010
Movie Antonyms All Men Should Know
4,704
2.48
Movies
Mar 31, 2010
1985 Chicago Bears
3,262
3.90
Sports
Oct 2, 2009
US Highest Crime Rates
2,434
4.40
Geography
Dec 6, 2009
Go to Creator's Profile
Score Distribution
Quiz Creator Spotlight
geowiz85
Follow
Send a Message
Quizzes Created
-
Created Quiz Play Count
-
More By This Creator
Popular Quizzes Today
1
Find the Countries of Europe - No Outlines Minefield
2
Find the US States - No Outlines Minefield
3
The Countries of the World
4
Popular People in 1961
5
US States
6
Find the US States
7
1-10 Letter E Words III
8
Risky Map Clicking: Biggest States A-Z
More Gaming Quizzes
Board Game by Box Cover
Published
Trending Quizzes
Risky Map Clicking: Least Populous States A-Z
1-10 Letter F Words
1-10 Letter G Words
One Thing in Common: United Kingdom
Not Quite an Element Typing Challenge
Recently Updated
Leaping Animals
pecheneg
Reality TV Shows (A-Z)
bhenderson79
Rickey Henderson's Hall of Fame Teammates
pecheneg
Champions League XIs: Arsenal
pecheneg
Quick Pick: Celebrities in WWE's Hall of Fame
aduchscher
A-Z Keypad Blitz II
pecheneg
Multiple Oscar Actors
pecheneg
Mystery Phrase Blitz: Oscar 'Best Actors'
pecheneg
F. Scott Fitzgerald Novels
LTH
Pick 3 Villains
ddd62291
Trending Topics
Anime
NBA
Disney
Harry Potter
Crossword
Marvel
Kpop
Pokémon
Soccer
Song
NFL
The Office
WWE
Puzzle
Country
Your Account Isn't Verified!
In order to create a playlist on Sporcle, you need to verify the email address you used during registration. Go to your
Sporcle Settings
to finish the process.
Report this User
Report this user for behavior that violates our
Community Guidelines
.
Details:
Send Report
Go to the Sporcle.com Mobile Site →
Comments